Statistics for Countries with the Least Murders

Click here to take the quiz!

General Stats

  • This quiz has been taken 4,847 times
  • The average score is 11 of 20

Answer Stats

MurdersCountry% Correct
0Liechtenstein
80%
0Monaco
80%
1Andorra
78%
4Luxembourg
76%
1Iceland
69%
12Malta
59%
11Singapore
59%
7Samoa
57%
1Tonga
57%
7Vanuatu
55%
8Kiribati
54%
5FS of Micronesia
50%
9Seychelles
47%
13Maldives
45%
8Brunei
44%
7Bahrain
37%
6São Tomé & Príncipe
36%
10Antigua & Barbuda
33%
12Bhutan
31%
12Kuwait
29%

Score Distribution

Percentile by Number Answered

Percent of People with Each Score

Your Score History

You have not taken this quiz